000
00382cam a2200181ua 4500
020
_c
Rs 5.00
041
_a
hin
_h
082
_a
891.54
_b
PRE/MA
100
_a
Chand, Prem .
245
_a
Mansarovar
250
_a
1 /
_b
.
260
_a
:
_b
Saraswathy press ,
_c
0962.
300
_a
299 ; .
365
_a
Rs 5.00
504
_a
942
_c
BK
999
_c
11950
_d
11950